La escuela envejecida : (Record no. 214404)
[ view plain ]
| 000 -CABECERA | |
|---|---|
| campo de control de longitud fija | 00915nam a2200265 i 4500 |
| 003 - IDENTIFICADOR DEL NÚMERO DE CONTROL | |
| campo de control | MX-MxUPN |
| 005 - FECHA Y HORA DE LA ÚLTIMA TRANSACCIÓN | |
| campo de control | 20260408063913.0 |
| 008 - ELEMENTOS DE LONGITUD FIJA--INFORMACIÓN GENERAL | |
| campo de control de longitud fija | 251028s2025 mx||||||r|||| 000 0 spa d |
| 020 ## - NÚMERO INTERNACIONAL NORMALIZADO PARA LIBROS | |
| Número Internacional Estándar del Libro | 9786074106220 |
| 040 ## - FUENTE DE LA CATALOGACIÓN | |
| Centro catalogador/agencia de origen | MX-MxUPN |
| Lengua de catalogación | spa |
| Centro/agencia transcriptor | MX-MxUPN |
| 041 0# - CÓDIGO DE IDIOMA | |
| Código de lengua del texto/banda sonora o título independiente | spa |
| 050 14 - SIGNATURA TOPOGRÁFICA DE LA BIBLIOTECA DEL CONGRESO | |
| Número de clasificación | LB2322.2 |
| Número de documento/Ítem | R36 2025 |
| 100 1# - ASIENTO PRINCIPAL--NOMBRE PERSONAL | |
| Nombre de persona | Ramírez Carbajal, Juan |
| 9 (RLIN) | 29904 |
| 100 1# - ASIENTO PRINCIPAL--NOMBRE PERSONAL | |
| Nombre de persona | Ramírez Carbajal, Miguel |
| 9 (RLIN) | 47861 |
| 100 1# - ASIENTO PRINCIPAL--NOMBRE PERSONAL | |
| Nombre de persona | López Vazquez, Viviana Yamilet |
| 9 (RLIN) | 47863 |
| 245 13 - MENCIÓN DE TÍTULO | |
| Título | La escuela envejecida : |
| Resto del título | crisis y perspectivas de la educación en el siglo XXI |
| 250 ## - MENCIÓN DE EDICIÓN | |
| Mención de edición | Segunda edición. |
| 260 ## - PUBLICACIÓN, DISTRIBUCIÓN, ETC. | |
| Lugar de publicación, distribución, etc. | Naucalpan, Estado de México : |
| Nombre del editor, distribuidor, etc. | Innovación Editorial Lagares de México, |
| Fecha de publicación, distribución, etc. | 2025 |
| 300 ## - DESCRIPCIÓN FÍSICA | |
| Extensión | 229 páginas |
| 650 #4 - ASIENTO SECUNDARIO DE MATERIA - TERMINO TEMATICO | |
| Término de materia o nombre geográfico como elemento de entrada | Educación superior |
| Subdivisión cronológica | Siglo XXI |
| 9 (RLIN) | 24627 |
| 650 #4 - ASIENTO SECUNDARIO DE MATERIA - TERMINO TEMATICO | |
| Término de materia o nombre geográfico como elemento de entrada | Educación y globalización |
| 9 (RLIN) | 10054 |
| 902 ## - ELEMENTOS DE DATOS B LOCAL, LDB (RLIN) | |
| Creó | MarisolLicea/28102025 |
| Modificó | Víctor Ruiz/070426 |
| 942 ## - ELEMENTOS DE PUNTO DE ACCESO ADICIONAL (KOHA) | |
| Fuente del sistema de clasificación o colocación | Library of Congress Classification |
| Tipo de ítem Koha | Libro |
| Suprimir en OPAC | No |
| Estado de retiro | Estado de pérdida | Fuente del sistema de clasificación o colocación | Estado dañado | No para préstamo | Código de colección | Localización permanente | Ubicación/localización actual | Ubicación en estantería | Fecha de adquisición | Total de préstamos | Clasificación | Código de barras | Fecha visto por última vez | Tipo de ítem Koha | Número de copia |
|---|---|---|---|---|---|---|---|---|---|---|---|---|---|---|---|
| Library of Congress Classification | Colección General | Bib. Gregorio Torres Quintero | Bib. Gregorio Torres Quintero | Planta baja | 28/10/2025 | LB2322.2 R36 2025 | 340845 | 28/10/2025 | Libro | ||||||
| Library of Congress Classification | Colección General | Bib. Gregorio Torres Quintero | Bib. Gregorio Torres Quintero | Planta baja | 28/10/2025 | LB2322.2 R36 2025 | 340846 | 28/10/2025 | Libro | Ej.2 |
